Устройство пути и способы его лечения. Т. 2 (Запись № 13612409)

Подробности
000 -МАРКЕР
контрольное поле 02187nam2a2200277 4500
001 - ИДЕНТИФИКАТОР ЗАПИСИ
контрольное поле rc\2986182
005 - ИДЕНТИФИКАТОР ВЕРСИИ
контрольное поле 20260315062835.0
035 ## - ДРУГИЕ СИСТЕМНЫЕ НОМЕРА
Идентификатор записи (NLR Aleph) 007130665
100 ## - ДАННЫЕ ОБЩЕЙ ОБРАБОТКИ
Данные общей обработки 20110912d1938 u y0rusy50 ca
101 0# - ЯЗЫК РЕСУРСА
Язык текста, звукозаписи и т.д. русский
102 ## - СТРАНА ПУБЛИКАЦИИ ИЛИ ПРОИЗВОДСТВА
Страна публикации Российская Федерация
105 ## - ПОЛЕ КОДИРОВАННЫХ ДАННЫХ: ТЕКСТОВЫЕ МАТЕРИАЛЫ, МОНОГРАФИЧЕСКИЕ
Кодированные данные о монографическом текстовом документе a z |||||
200 0# - ЗАГЛАВИЕ И СВЕДЕНИЯ ОБ ОТВЕТСТВЕННОСТИ
Основное заглавие Т. 2
Обозначение и номер части Ч. 3
Наименование части Обоснование устройства рельсовой колеи на прямых и кривых
Первые сведения об ответственности Г.М. Шахунянц
Обозначение и номер части Ч. 4
Наименование части Соединения и перечисления рельсовых путей
Первые сведения об ответственности А. Н. Стаханов
Обозначение и номер части Ч. 5
Наименование части Расчет верхнего строения пути
Первые сведения об ответственности Н. Т. Митюшин
Последующие сведения об ответственности НКПС, Центр. упр. учеб. заведениями
210 ## - ПУБЛИКАЦИЯ, РАСПРОСТРАНЕНИЕ И ДР.
Дата издания, распространения и т.д. 1938
215 ## - ФИЗИЧЕСКАЯ ХАРАКТЕРИСТИКА
Специфическое обозначение материала и объем 496 с., 5 вкл. л. черт.
Другие сведения о физической характеристике ил., черт.
Размеры 27 см
461 #0 - УРОВЕНЬ НАБОРА
Встроенное поле 001rc\2986180
-- 2000#$aУстройство пути и способы его лечения$eУтв. Центр. упр. учеб. заведениями Нар. ком. пут. сообщ. в качестве учебника для втузов ж.-д. транспорта$fВеденисов Б.Н., Митюшин Н.Т., Стаханов А.Н., Шахунянц Г.М.$gПод общ. ред. проф. Веденисова Б.Н. и проф. Митюшина Н.Т.$gНКПС, Центр. упр. учеб. заведениями$vТ. 2
Системный номер (АБИС) связанной записи 6956032
Место публикации Москва
Дата публикации 1938
Первые сведения об ответственности Веденисов Б.Н., Митюшин Н.Т., Стаханов А.Н., Шахунянц Г.М.
Имя издателя, распространителя и т.д. изд-во и 1 тип. Трансжелдориздата
Сведения, относящиеся к заглавию Утв. Центр. упр. учеб. заведениями Нар. ком. пут. сообщ. в качестве учебника для втузов ж.-д. транспорта
Заглавие Устройство пути и способы его лечения
Номер тома Т. 2
701 #1 - ИМЯ ЛИЦА - АЛЬТЕРНАТИВНАЯ ОТВЕТСТВЕННОСТЬ
Графика поля Кириллица
Материалы, к которым относится поле rus
Начальный элемент ввода Шахунянц
Часть имени, кроме начального элемента ввода Г. М.
Даты 1904-1980
Расширение инициалов личного имени Георгий Михайлович
Системный номер авторитетной/нормативной записи 153076
Идентификатор авторитетной/нормативной записи RU\NLR\AUTH\770153114
701 #1 - ИМЯ ЛИЦА - АЛЬТЕРНАТИВНАЯ ОТВЕТСТВЕННОСТЬ
Начальный элемент ввода Стаханов
Часть имени, кроме начального элемента ввода А.Н.
701 #1 - ИМЯ ЛИЦА - АЛЬТЕРНАТИВНАЯ ОТВЕТСТВЕННОСТЬ
Начальный элемент ввода Митюшин
Часть имени, кроме начального элемента ввода Н.Т.
801 #0 - ИСТОЧНИК ЗАПИСИ
Страна Российская Федерация
Организация NLR
Правила каталогизации psbo
801 #1 - ИСТОЧНИК ЗАПИСИ
Страна Российская Федерация
Организация ELAR
Источник данных rusmarc
852 ## - МЕСТОНАХОЖДЕНИЕ И ШИФР ХРАНЕНИЯ
Идентификатор организации NLR
Шифр хранения (Call Number) 38-19/36(2)
942 ## - ДОПОЛНИТЕЛЬНЫЕ ЭЛЕМЕНТЫ ЗАПИСИ (АБИС)
Тип экземпляра АБИС Неопределено
980 ## - КОЛЛЕКЦИЯ
Название коллекции Национальная библиография

Нет доступных экземпляров.